=LDR 00000nam 2200000 4500 =001 000255 =990 ##$$a TBM202500065 =005 20250710121853 =035 ##$$a 0010-0725000086 =245 1#$$a Putri Tercinta /$c Mulongo Bukheye, Ritah Katetemera =100 #$$a Mulongo Bukheye, Katetemera =250 ##$$a Cetakan Pertama =300 ##$$a 20 hlm. : $b ilus. ; $c 22,9 cm =260 ##$$a Jakarta :$b Badan Pengembangan dan Pembinaan Bahasa,$c 2022 =082 ##$$a 398.209 598 =084 ##$$a 398.209 598 MUL p =020 ##$$a 978-623-472-289-5